Faktory ovplyvňujúce ceny nehnuteľností a ich ekonomický význam
Základné súvislosti vývoja cien nehnuteľností. Faktory ovplyvňujúce ceny nehnuteľností na bývanie na Slovensku. Vývoj cien nehnuteľností v SR.
Na minha lista:
| Autor principal: | |
|---|---|
| Outros Autores: | |
| Formato: | Capítulo de Livro |
| Idioma: | eslovaco |
| Assuntos: | |
| Tags: |
Sem tags, seja o primeiro a adicionar uma tag!
|
MARC
| LEADER | 00000naa a2200000 4500 | ||
|---|---|---|---|
| 001 | 0123741 | ||
| 005 | 20240502072409.5 | ||
| 041 | 0 | |a slo | |
| 044 | |a SK | ||
| 245 | 1 | 0 | |a Faktory ovplyvňujúce ceny nehnuteľností a ich ekonomický význam |c Miroslav Jakubec, Peter Kardoš |
| 520 | |a Základné súvislosti vývoja cien nehnuteľností. Faktory ovplyvňujúce ceny nehnuteľností na bývanie na Slovensku. Vývoj cien nehnuteľností v SR. | ||
| 610 | 2 | 0 | |a kríza finančná |
| 610 | 2 | 0 | |a cena nehnuteľností |
| 610 | 2 | 0 | |a vývoj cenový |
| 610 | 2 | 0 | |a Slovensko |
| 610 | 2 | 0 | |a úver hypotekárny |
| 610 | 2 | 0 | |a trh hypotekárny |
| 610 | 2 | 0 | |a stavebníctvo |
| 100 | 1 | |a Jakubec, Miroslav | |
| 700 | 1 | |a Kardoš, Peter | |